Detalles MARC
| 000 -LEADER |
| fixed length control field |
01639nam a2200481 a 4500 |
| 005 - FECHA ULTIMA MODIFICACION |
| control field |
20240417101907.0 |
| 008 - CAMPO DE CONTROL (LIBRO) |
| fixed length control field |
141117t2004||||sp a f |||| 001 0 spa d |
| 020 ## - INTERNATIONAL STANDARD BOOK NUMBER |
| ISBN |
8479037830 |
| 041 ## - CODIGO DE IDIOMA |
| Código de idioma del texto/pista de sonido o título separado |
spa |
| 092 ## - SIGNATURA TOPOGRAFICA DEWEY LOCAL |
| número de clasificación |
616.0757 |
| libristica |
35 |
| sección |
HOF |
| 100 1# - ENTRADA PRINCIPAL--NOMBRE PERSONAL |
| Nombre personal |
Hofer, Matthias |
| 9 (RLIN) |
3403 |
| 245 ## - TITULO PROPIAMENTE DICHO |
| Título |
Curso básico de ecografía. |
| Subtítulo y Título paralelo |
Manual de iniciación / |
| Mención de responsabilidad y remanente de la transcripción de la portada |
Matthias Hofer |
| 250 ## - MENCION DE EDICION |
| Mención de edición |
4a ed. ampliada y revisada |
| Mención de responsabilidad relacionada con la ed. |
Traducción Lorenzo A. Facorro |
| 260 ## - PIE DE IMPRENTA |
| Lugar de publicación, distribución, etc |
Madrid: |
| Nombre de la editorial, distribuidor, etc |
Editorial Médica Panamericana; |
| Fecha de publicación |
2004. |
| 300 ## - DESCRIPCION FISICA |
| Extension |
106 p. |
| Otros detalles físicos |
406 figuras con 471 ilustraciones individuales |
| 500 ## - NOTA GENERAL |
| Nota general |
Hofer, M. y Reihs, T. (2004). Curso básico de ecografía. Manual de iniciación. (4a ed.). Madrid : Editorial Médica Panamericana. |
| 590 ## - NOTAS LOCALES (RLIN) |
| Nota local |
Donación Dr Jorge Norberto Trova, noviembre 2017. |
| 653 ## - TÉRMINO INDIZADO - PALABRAS CLAVES |
| Palabra clave |
Abdomen |
| 653 ## - TÉRMINO INDIZADO - PALABRAS CLAVES |
| Palabra clave |
Retroperitoneo. Plano sagital |
| 653 ## - TÉRMINO INDIZADO - PALABRAS CLAVES |
| Palabra clave |
Abdomen |
| 653 ## - TÉRMINO INDIZADO - PALABRAS CLAVES |
| Palabra clave |
Corte transversal del abdomen superior, páncreas |
| 653 ## - TÉRMINO INDIZADO - PALABRAS CLAVES |
| Palabra clave |
Abdomen |
| 653 ## - TÉRMINO INDIZADO - PALABRAS CLAVES |
| Palabra clave |
Higado |
| 653 ## - TÉRMINO INDIZADO - PALABRAS CLAVES |
| Palabra clave |
Vesícula biliar y vías biliares |
| 653 ## - TÉRMINO INDIZADO - PALABRAS CLAVES |
| Palabra clave |
Abdomen |
| 653 ## - TÉRMINO INDIZADO - PALABRAS CLAVES |
| Palabra clave |
Riñón |
| 653 ## - TÉRMINO INDIZADO - PALABRAS CLAVES |
| Palabra clave |
Vejiga |
| 653 ## - TÉRMINO INDIZADO - PALABRAS CLAVES |
| Palabra clave |
Riñón transplantado |
| 653 ## - TÉRMINO INDIZADO - PALABRAS CLAVES |
| Palabra clave |
Abdomen |
| 653 ## - TÉRMINO INDIZADO - PALABRAS CLAVES |
| Palabra clave |
Tracto gastrointestinal |
| 653 ## - TÉRMINO INDIZADO - PALABRAS CLAVES |
| Palabra clave |
Bazo |
| 653 ## - TÉRMINO INDIZADO - PALABRAS CLAVES |
| Palabra clave |
Órganos sexuales |
| 653 ## - TÉRMINO INDIZADO - PALABRAS CLAVES |
| Palabra clave |
Órganos sexuales masculinos |
| 653 ## - TÉRMINO INDIZADO - PALABRAS CLAVES |
| Palabra clave |
Órganos sexuales femeninos |
| 653 ## - TÉRMINO INDIZADO - PALABRAS CLAVES |
| Palabra clave |
Diagnóstico de malformaciones |
| 653 ## - TÉRMINO INDIZADO - PALABRAS CLAVES |
| Palabra clave |
Cabeza y cuello |
| 653 ## - TÉRMINO INDIZADO - PALABRAS CLAVES |
| Palabra clave |
Calota en los lactantes |
| 653 ## - TÉRMINO INDIZADO - PALABRAS CLAVES |
| Palabra clave |
Glándula tiroides |
| 653 ## - TÉRMINO INDIZADO - PALABRAS CLAVES |
| Palabra clave |
Pediatría. Articulación de la cadera |
| 700 1# - ENTRADAS SECUNDARIAS - NOMBRE PERSONAL |
| Nombre personal |
Reihs, Tatjana |
| Fechas asociadas con el nombre |
Col. |
| 9 (RLIN) |
3404 |
| 930 ## - NUMERO DE INVENTARIO |
| Número de inventario |
4051 |
| 942 ## - ADDED ENTRY ELEMENTS (KOHA) |
| Source of classification or shelving scheme |
Dewey Decimal Classification |
| Item type |
Libros |